Hutan perladangan di kawasan tropika

Bibliographic Details
Main Author: EVANS
Other Authors: Abu Bakar Mohamad, Mohd. Nasir Hamzah
Format: Book
Published: Kuala Lumpur : DBP , 1995
Subjects:

MARC

LEADER 00000cam a2200000 7i4500
001 0000000462
005 20000821.0
020 0 0 |a 983624610X 
090 0 0 |a 634.9560913   |b EVA 1995 
100 1 0 |a EVANS   |h Julian 
245 1 0 |a Hutan perladangan di kawasan tropika   |c Julian Evans, penterjemah, Mohd. Nasir Hamzah, Abu Bakar Mohamad 
260 0 0 |a Kuala Lumpur :   |b DBP ,   |c 1995 
300 |a xii, 497 p. :   |b ill. ;   |c 24 cm. 
500 0 0 |a Bibliograph: [p. 455-476] and index 
650 0 0 |a Forests and forestry   |z Tropics 
650 0 0 |a Tree farms   |x Tropics 
700 0 1 |a Abu Bakar Mohamad 
700 0 1 |a Mohd. Nasir Hamzah 
999 |a 0000001634   |b Monograph   |c Open Shelf   |e Default branch 
999 |a 0000001831   |b Monograph   |c Open Shelf   |e Default branch